000 00495nam a22001817a 4500
003 KOHA_MİRAKIL
005 20251219103907.0
008 251219b tu ||||| |||| 00| 0 tur d
020 _a9786258410273
040 _aTR-AnABB
_btur
_cTR-AnABB
041 _atur
082 _a327.1
_bGUV 2022
245 1 0 _aGüvenlik çalışmaları /
260 _aİstanbul :
_bArel Üniversitesi Yayınları,
_c2022
300 _a695 sayfa ;
_c25 cm
650 0 4 _aGüvenlik sektörü
942 _2ddc
_cBK
999 _c9795
_d9795
900 _bGizem YORULMAZ